000 00309nam a2200109Ia 4500
008 171211s9999 xx 000 0 und d
245 4 _aThe Video Game Theory Reader
245 _cBernard Perron and Mark J. P. Wolf
260 _c2003
650 _xGAMES
856 _uhttp://down.ebook777.com/052/0415965799.pdf
999 _c348965
_d348965